Niekoľko názorov na problémy výskumu energie a energetiky v geografii

Energia ako objekt interdisciplinárneho výskumu. Výskum problémov energie a energetiky v geografii. Pozícia a úlohy geografie pri výskume problémov energie a energetiky. Geografia energie a energetiky v systéme geografických vied.

Salvato in:
Dettagli Bibliografici
Autore principale: Szöllös, J.
Natura: Capitolo di libro
Lingua:slovacco
Soggetti:
Tags: Aggiungi Tag
Nessun Tag, puoi essere il primo ad aggiungerne!!

MARC

LEADER 00000naa a2200000 4500
001 r019369
005 20221205101727.1
041 0 |a slo 
044 |a SK 
245 1 0 |a Niekoľko názorov na problémy výskumu energie a energetiky v geografii  |c J. Szöllös 
520 |a Energia ako objekt interdisciplinárneho výskumu. Výskum problémov energie a energetiky v geografii. Pozícia a úlohy geografie pri výskume problémov energie a energetiky. Geografia energie a energetiky v systéme geografických vied. 
610 2 0 |a geografia 
610 2 0 |a energetika 
610 2 0 |a energia 
610 2 0 |a výskum 
610 2 0 |a Slovensko 
100 1 |a Szöllös, J.